| 000 | 00709nam a2200169Ia 4500 | ||
|---|---|---|---|
| 008 | 090711s9999 xx 000 0 und d | ||
| 082 | _b1731 | ||
| 100 | _aजाधव रा. ग. | ||
| 245 | _aवाIमयीन निबंधलेखन स्वरू प आणि साधने | ||
| 260 |
_bकॉन्टिनेन्टल प्रकाशन _c1967 |
||
| 300 | _a158 | ||
| 600 | _aजाधव रा. ग. | ||
| 630 | _aवाIमयीन निबंधलेखन स्वरू प आणि साधने | ||
| 700 | _aजाधव रा. ग. | ||
| 730 | _aवाIमयीन निबंधलेखन स्वरू प आणि साधने | ||
| 942 | _cBOOK | ||
| 999 |
_c338771 _d338768 |
||